| 000 | 00471nam a2200145 a 4500 | ||
|---|---|---|---|
| 001 | 5076 | ||
| 003 | CDMR | ||
| 005 | 20130116135304.0 | ||
| 008 | 130130s1990||||||||||||||||||||||||||||d | ||
| 040 |
_aCDMR _bcat _cCPC GIRONA |
||
| 245 | 3 |
_aLa primera tesi doctoral sobre periodisme (Leipzig 1690) _bNúmero especial commemoratiu del III Centenari de l'obra de Tobias Peucer |
|
| 260 |
_c1990 _bSocietat Catalana de Comunicació |
||
| 490 | 0 |
_aPeriodística _v3 _92736 |
|
| 942 | _cMON | ||
| 999 |
_c5076 _d5076 |
||